| 000 | 00541nam a2200181Ia 4500 | ||
|---|---|---|---|
| 001 | 13818 | ||
| 005 | 20260306164829.0 | ||
| 008 | 260306t2018||||xx |||||||||||||| ||spa|| | ||
| 041 | _aESP | ||
| 082 |
_a005.369 _bA86 |
||
| 100 |
_aAtehortúa Morales, Didier _eAUT |
||
| 245 | 0 |
_aInteligencia de negocios con Excel y Power Bi: _buna guía exhaustiva para la: preparación, análisis y visualización de datos |
|
| 260 | _c2018 | ||
| 300 |
_axxxiii, 588 páginas : _c28 cm. |
||
| 650 | _aGEN | ||
| 654 | _aCCC | ||
| 942 |
_cLIB _dJUS _fJUS _2ddc _n |
||
| 999 |
_c13818 _d13818 |
||